000 00526nam a2200133Ia 4500
008 100328s9999 xx 000 0 und d
082 _b72585
100 _aकर्णिक हेमंत-अनु.(मूळ लेखक-पी.साईनाथ)
245 _aदुष्काळ आवडे सर्वांना
260 _bअक्षर.
630 _aदुष्काळ आवडे सर्वांना
730 _aदुष्काळ आवडे सर्वांना
942 _cBOOK
999 _c558306
_d558303